La República /

Enregistré dans:
Détails bibliographiques
Auteur principal: Platón (autor)
Autres auteurs: Chávez Calderón, Pedro (introducción y comentarios) (introducción y comentarios)
Format: Livre
Langue:espagnol
Publié: México : Fernández Editores, 1991, c1985
Collection:(Apuntes Autodidácticos para Estudiantes. Literatura Universal)
Sujets:
Tags: Ajouter un tag
Pas de tags, Soyez le premier à ajouter un tag!

MARC

LEADER 00000nam^a2200000^a^4500
001 000022296
005 20250521000000.0
009 20260310084449.954
020 |a 968-416-558-7 
037 |a Acervo ITESO - Biblioteca 
041 |a ESP 
082 |a 184.  |b PLA OBR REP 
100 |a Platón  |e (autor) 
240 1 4 |a [La República] 
245 1 3 |a La República /  |c Platón ; introd. y comentarios de P. Chávez Calderón. 
264 4 |a México :  |b Fernández Editores,  |c 1991, c1985 
300 |a 87 p. 
336 |a texto  |b txt  |2 rdacontenido 
337 |a sin mediación  |b n  |2 rdamedio 
338 |a volumen  |b nc  |2 rdasoporte 
440 1 |a (Apuntes Autodidácticos para Estudiantes.  |p Literatura Universal) 
649 |a XX 
650 |a Filósofos Griegos -  |x Biografías 
650 |a Justicia e Injusticia 
650 |a Conocimiento 
650 |a Virtudes 
650 |a Educación -  |x Teoría 
650 |a Antropología Filosófica 
650 |a Filosofía Política 
650 |a Diálogos Griegos 
650 |a Escuela Platónica (Academia) 
650 |a Socráticos 
650 |a Filosofía Griega 
650 |a Filosofía Clásica 
650 |a Platón 
700 |a Chávez Calderón, Pedro  |e (introducción y comentarios) 
910 |a Fondo General 
920 |a Impresos - Libros 
930 |a Colección General 
905 |a 101 
901 |a 0500027386  |b IT1  |c ACC  |i 022296  |u 20250521 
902 |a https://opac.biblio.iteso.mx/vufind/Record/000022296